000 005330000a22001810004500
020 _a84-01-41111-4
041 0 _aSPA
082 0 4 _aG 365.45 S692h
100 1 _aSoljenitsin, Alexander
245 1 0 _aAchipiélago Gulag : Ensayo de investigación literaria / Alexandr Soljenistsi, Lucía Gabriel, Traductor
260 _aBarcelona, España : Plaza y Janés
300 _a487 Pag
001 11223
942 _cBK
999 _c40588
_d40588
336 _atexto
_btxt
_2rdacontent
337 _2rdamedia
_asin mediación
_bn
338 _2rdacarrier
_avolumen
_bnc